| 000 | 01324nam a22003374a 4500 | ||
|---|---|---|---|
| 001 | ocm63125990 | ||
| 003 | OCoLC | ||
| 005 | 20240203170404.0 | ||
| 008 | 080627s2006 txua j 000 1 spa | ||
| 010 | _a 2006041699 | ||
| 020 | _a1558854770 (alk. paper) | ||
| 020 | _a9781558854772 (alk. paper) | ||
| 035 | _a677414 | ||
| 040 |
_aDLC _cDLC _dBAKER _dDPL _dLNQ _dBTCTA _dYDXCP _dUPZ _dEHH _dOCL _dBYV |
||
| 041 | 0 |
_aspa _aeng |
|
| 043 | _anwpr--- | ||
| 100 | 1 |
_aGil, L. M. _q(Lydia M.), _d1970- |
|
| 245 | 1 | 3 |
_aLa parranda de Mimi = _bMimi's parranda / _cby Lydia Gil ; illustrations by Hernan Sosa. |
| 246 | 3 | 1 | _aMimi's parranda. |
| 260 |
_aHouston, TX : _bPinata Books, _c2006. |
||
| 300 |
_a1 v. (unpaged) : _bcol. ill. ; _c23 x 29 cm. |
||
| 520 | _aMimà can't help but be depressed when she finds out her family is not going on their traditional Christmas trip to Puerto Rico. She doesn't want to miss her parranda, but her friends have a plan. | ||
| 526 | 8 |
_aAccelerated Reader _bLG _c3.6 _d0.5 _z114814SP. |
|
| 546 | _aParallel Spanish and English text. | ||
| 650 | 0 |
_aParties _zPuerto Rico _vJuvenile fiction. |
|
| 650 | 0 |
_aChristmas _zPuerto Rico _vJuvenile fiction |
|
| 651 | 0 |
_aPuerto Rico _vJuvenile fiction. |
|
| 655 | 7 |
_aPicture books for children. _2lcsh. |
|
| 700 |
_aSosa, Hernan _eillus |
||
| 942 | _cBK | ||
| 999 |
_c29067 _d29065 |
||